000 01292nam a2200337 a 4500
001 ebr5007393
003 CaPaEBR
006 m u
007 cr cn|||||||||
008 010920s2001 enka sb o000 0 eng
015 _aGBA1-51428
016 7 _a0821348922
_2Uk
020 _z0821348922(pbk.) :
040 _aCaPaEBR
_cCaPaEBR
035 _a(OCoLC)133162853
050 1 4 _aHJ8899
_b.C68 2001eb
082 0 4 _a332.042
_221
245 0 0 _aCountry and summary data
_h[electronic resource].
260 _aWashington, D.C. ;
_a[Great Britain] :
_bWorld Bank,
_c2001.
300 _ax, 42 p. :
_bill.
490 0 _aGlobal development finance ;
_v2001
504 _aIncludes bibliographical references.
533 _aElectronic reproduction.
_bPalo Alto, Calif. :
_cebrary,
_d2009.
_nAvailable via World Wide Web.
_nAccess may be limited to ebrary affiliated libraries.
650 0 _aInternational finance.
650 0 _aInvestments, Foreign
_zDeveloping countries.
650 0 _aDebts, External
_zDeveloping countries.
651 0 _aDeveloping countries
_xEconomic conditions.
655 7 _aElectronic books.
_2local
710 2 _aebrary, Inc.
856 4 0 _uhttp://site.ebrary.com/lib/rucke/Doc?id=5007393
_zAn electronic book accessible through the World Wide Web; click to view
999 _c20002
_d20002